<?xml version="1.0" encoding="UTF-8"?>
<record
    xmlns:xsi="http://www.w3.org/2001/XMLSchema-instance"
    xsi:schemaLocation="http://www.loc.gov/MARC21/slim http://www.loc.gov/standards/marcxml/schema/MARC21slim.xsd"
    xmlns="http://www.loc.gov/MARC21/slim">

  <leader>01045nam a2200289 a 4500</leader>
  <controlfield tag="003">OSt</controlfield>
  <controlfield tag="005">20231121113439.0</controlfield>
  <controlfield tag="008">231113s2018    rm a|||| |||| 001 0 fre d</controlfield>
  <datafield tag="020" ind1=" " ind2=" ">
    <subfield code="a">978-92-5-130964-2</subfield>
  </datafield>
  <datafield tag="040" ind1=" " ind2=" ">
    <subfield code="c">CHAP</subfield>
    <subfield code="e">rda</subfield>
  </datafield>
  <datafield tag="082" ind1="0" ind2="0">
    <subfield code="2">22</subfield>
    <subfield code="a">331.544</subfield>
    <subfield code="b">F21f 2018</subfield>
  </datafield>
  <datafield tag="245" ind1="0" ind2="3">
    <subfield code="a">La situation mondiale de l'alimentation et de l'agriculture 2018 :</subfield>
    <subfield code="b">migrations, agriculture et d&#xE9;veloppement rural /</subfield>
    <subfield code="c">por FAO.</subfield>
  </datafield>
  <datafield tag="264" ind1=" " ind2="1">
    <subfield code="a">Roma:</subfield>
    <subfield code="b">FAO.</subfield>
    <subfield code="c">2018.</subfield>
  </datafield>
  <datafield tag="300" ind1=" " ind2=" ">
    <subfield code="a">xxiii, 187 p&#xE1;ginas:</subfield>
    <subfield code="b">figuras, tablas.</subfield>
  </datafield>
  <datafield tag="336" ind1=" " ind2=" ">
    <subfield code="2">rdacontent</subfield>
    <subfield code="a">texto</subfield>
    <subfield code="b">txt</subfield>
  </datafield>
  <datafield tag="337" ind1=" " ind2=" ">
    <subfield code="2">rdamedia</subfield>
    <subfield code="a">sin medio</subfield>
    <subfield code="b">n</subfield>
  </datafield>
  <datafield tag="338" ind1=" " ind2=" ">
    <subfield code="2">rdacarrier</subfield>
    <subfield code="a">volumen</subfield>
    <subfield code="b">nc</subfield>
  </datafield>
  <datafield tag="504" ind1=" " ind2=" ">
    <subfield code="a">Incluye referencias bibliogr&#xE1;ficas p&#xE1;ginas :172-187.</subfield>
  </datafield>
  <datafield tag="650" ind1=" " ind2="4">
    <subfield code="9">75609</subfield>
    <subfield code="a">Migraci&#xF3;n rural</subfield>
  </datafield>
  <datafield tag="650" ind1=" " ind2="4">
    <subfield code="9">188263</subfield>
    <subfield code="a">Migrantes</subfield>
    <subfield code="x">Aspectos con&#xF3;micos</subfield>
  </datafield>
  <datafield tag="650" ind1=" " ind2="4">
    <subfield code="9">114475</subfield>
    <subfield code="a">Trabajadores migratorios</subfield>
  </datafield>
  <datafield tag="650" ind1=" " ind2="4">
    <subfield code="9">31995</subfield>
    <subfield code="a">Desarrollo de la comunidad rural</subfield>
  </datafield>
  <datafield tag="710" ind1="2" ind2=" ">
    <subfield code="9">144278</subfield>
    <subfield code="a">Organizaci&#xF3;n de las Naciones Unidas para la Agricultura y la Alimentaci&#xF3;n (FAO)</subfield>
  </datafield>
  <datafield tag="942" ind1=" " ind2=" ">
    <subfield code="2">ddc</subfield>
  </datafield>
  <datafield tag="942" ind1=" " ind2=" ">
    <subfield code="2">ddc</subfield>
  </datafield>
  <datafield tag="942" ind1=" " ind2=" ">
    <subfield code="c">LIBRO</subfield>
  </datafield>
  <datafield tag="999" ind1=" " ind2=" ">
    <subfield code="c">219386</subfield>
    <subfield code="d">219386</subfield>
  </datafield>
  <datafield tag="952" ind1=" " ind2=" ">
    <subfield code="0">0</subfield>
    <subfield code="1">0</subfield>
    <subfield code="2">ddc</subfield>
    <subfield code="4">0</subfield>
    <subfield code="5">1</subfield>
    <subfield code="7">0</subfield>
    <subfield code="8">FAO</subfield>
    <subfield code="a">BC</subfield>
    <subfield code="b">BC</subfield>
    <subfield code="c">PP_FAO</subfield>
    <subfield code="d">2023-11-13</subfield>
    <subfield code="l">0</subfield>
    <subfield code="o">331.544 F21f 2018</subfield>
    <subfield code="p">33724002563686</subfield>
    <subfield code="r">2023-11-13 00:00:00</subfield>
    <subfield code="w">2023-11-13</subfield>
    <subfield code="y">LIBRO</subfield>
  </datafield>
</record>
